Score 0/20 Timer 04:00
1 Play Today
% Correct
Data Centres
80.6%
Stakeholders
80.6%
Anonymity
80.6%
Freedom of Information Act
79.2%
E-Waste
79.2%
Open Source
79.2%
Ethics
76.4%
Data Protection Act
75%
Cookies
75%
Legislation
73.6%
% Correct
Copyright, Design and Patents Act
72.2%
Closed Source
69.4%
Creative Commons License
65.3%
Computer Misuse Act
63.9%
Social Media
59.7%
Privacy
56.9%
Attribution
55.6%
Non-Commercial
43.1%
Non-Derivative
34.7%
Share-Alike
31.9%

You're not logged in!

Compare scores with friends on all Sporcle quizzes.
OR
Log In

Sporcle TV

Today on Sporcle TV


Watch our educational content, quiz creation guides, and fun videos on Sporcle TV.

Show Comments

Extras

Top Quizzes Today


Score Distribution

Paid Content

Your Account Isn't Verified!

In order to create a playlist on Sporcle, you need to verify the email address you used during registration. Go to your Sporcle Settings to finish the process.

Report this User

Report this user for behavior that violates our Community Guidelines.

Details: